000 00520nam a2200169 4500
001 118967
003 ES-MaACL
007 t|
008 070214s1970 ag r ||||1| spa d
100 1 _aPeyrefitte, Roger.
_991599
245 1 3 _aEl fin de las embajadas /
_cRoger Peyrefitte ; traducción de Miguel de Amilibia.
250 _a5ª. ed.
260 _aBuenos Aires :
_bSudamericana,
_c1970.
300 _a374 p. ;
_c18 cm.
700 1 _aAmilibia Matxinbarrena, Miguel de.
_921254
852 _aES-MaACL
_jE-6765
_bR.91369
999 _c118967
_d118967